Sociology of work : (Record no. 13920)
[ view plain ]
| 000 -LEADER | |
|---|---|
| fixed length control field | 00485cam a2200169Ja 4500 |
| 020 ## - INTERNATIONAL STANDARD BOOK NUMBER | |
| ISBN | 0803990030 |
| 020 ## - INTERNATIONAL STANDARD BOOK NUMBER | |
| ISBN | 9780803990036 |
| 040 ## - CATALOGING SOURCE | |
| Transcribing agency | DLC |
| 082 00 - DEWEY DECIMAL CLASSIFICATION NUMBER | |
| Classification number | 306 PIN 1994 A064 Or. |
| 100 1# - MAIN ENTRY--AUTHOR NAME | |
| Personal name | Hall, Richard H., |
| 245 10 - TITLE STATEMENT | |
| Title | Sociology of work : |
| Remainder of title | perspectives, analyses, and issues / |
| 300 ## - PHYSICAL DESCRIPTION | |
| Number of Pages | xxi, 465 pages : |
| Other physical details | illustrations ; |
| Dimensions | 24 cm |
| 490 1# - SERIES STATEMENT | |
| Series statement | The Pine Forge Press social science library |
| 650 #0 - SUBJECT ADDED ENTRY--TOPICAL TERM | |
| Topical Term | Industrial sociology |
| 700 1# - ADDED ENTRY--PERSONAL NAME | |
| Personal name | Buttram, Robert T |
| 942 ## - ADDED ENTRY ELEMENTS (KOHA) | |
| Koha item type | សៀវភៅភាសាអង់គ្លេស |
| 952 ## - LOCATION AND ITEM INFORMATION (KOHA) | |
| Withdrawn status [LOCAL, KOHA] | 0 |
| Permanent Location | Date acquired | Koha item type | Lost status | Shelving location | Barcode | Current Location | Full call number |
|---|---|---|---|---|---|---|---|
| Library Block A | 2017-10-03 | សៀវភៅភាសាអង់គ្លេស | A064 | A14472 | Library Block A | 306 PIN 1994 A064 Or. |